00440nam a2200169Ia 4500008004100000020001800041041000800059082001600067100001500083245006500098250001100163260003800174300000900212500000800221650001500229700002600244230125s9999 xx 000 0 und d a0-07-060088-0 aeng a650.01bHIL aHill C W L aInternational Business : Competing in the Global Marketplace a5th ed c2007bTata McGraw HillaNew Delhi a624p aIBM aManagement aHill C W L & Jain A K